000 01381nam a2200361 a 4500
001 000007386
003 DO-SdBNP
005 20180316145757.0
007 000007386
008 090908s1997 dr 001 0 spa d
020 _a9768156481
040 _aBPMSU
_bspa
_cBPMSU
041 1 7 _aspa
_beng
092 _aRD860.9
_bT332d
245 0 0 _aTertuliando :
_bdominicanas y amiga [o]s = Hanging out : dominican women and friends ; bilingual text [o]s bilingues 1994-1996 /
_ccompilación y prólogo de Daisy Cocco De Filippis.
246 1 3 _aHanging out :
_bdominican women and friends ; bilingual text [o]s bilingues 1994-1996
260 _aSanto Domingo :
_bComisión Permanente de la Feria Nacional del Libro,
_c1997.
300 _av. ;
_c21 cm.
500 _aLa biblioteca posee el v.1
504 _aBibliografía : p. 61-63
546 _aTexto en ingles y español
650 4 _aLITERATURA DOMINICANA
_ySIGLO XX
650 4 _aMUJERES COMO AUTORAS
700 1 2 _aCocco de Filippis, Daysi
_epról.
910 _aValidado. Control de calidad MFF
942 _2ddc
_cBK
945 _aRemanejado para la BNPHU, 2018 / BT
956 _aIGARCIA
_b10
_c20090908
_lBND01
_h1335
956 _aDGARCIA
_b10
_c20091125
_lBND01
_h0810
956 _aYPOLANCO
_b04
_c20110504
_lBND01
_h0933
956 _aMMOLINA
_b10
_c20131125
_lBND01
_h0846
956 _aVMATEO
_b10
_c20150428
_lBMET02
_h00151
999 _c7732
_d7732